World Capitals Closest to Vienna - distance order - Statistics

General Stats
  • This quiz has been taken 146 times
  • The average score is 12 of 20
Answer Stats
km Capital miles % Correct
56 Bratislava 35
98%
215 Budapest 133
96%
251 Prague 156
94%
268 Zagreb 167
78%
278 Ljubljana 173
76%
524 Berlin 326
72%
490 Belgrade 305
71%
509 Sarajevo 316
70%
527 Vaduz 327
69%
557 Warsaw 346
64%
684 Berne 425
63%
766 Rome 476
54%
681 Podgorica 423
53%
564 San Marino 350
53%
722 Pristina 429
46%
820 Sofia 510
41%
766 Vatican City 476
41%
764 Luxembourg 475
37%
797 Skopje 495
35%
813 Tirana 505
32%
No matching quizzes found
Score Distribution
Percent of People with Each Score
Percentile by Number Answered
Your Score History
You have not taken this quiz